000 00280nam a22001217a 4500
008 181107b xxu||||| |||| 00| 0 eng d
041 _aeng
080 _a201
100 _a24
101 _aTEO
245 _aReadings in the Philosophy of Religion
_cMourant, J.A
942 _2udc
_cBK
999 _c52235
_d52235